000 00685nam a22002177a 4500
999 _c7310
_d7310
001 7310
003 BD-JhCC
005 20180207181439.0
008 180207s1974 bg |||| |||| 00| 0 ben d
035 _a(BD-JhCC)7310
040 _aBD-JhCC
_dBD-JhCC
041 _aeng
082 _a891.4409
_bISL 1974
100 _aইসলাম, মোজহারুল
245 _aআমি স্মৃতি আমি ইতিহাস /
_cমোজহারুল ইসলাম
260 _aঢাকা :
_bবুক সোসাইটি,
_c১৯৭৪.
300 _a৫৮৫ পৃ. :
_c২১ সেমি.
650 _aBengali Literature
942 _2ddc
_cBK